Lehrbuch der theoretischen Physik /

Hlavní autor: Joos, Georg, 1894-1959
Jazyk: Němčina
Vydáno: Leipzig : Geest & Portig, 1964
Vydání: 11. Aufl., unverändert. Nachdr. der 10. Aufl.
Fyzický popis: 842 s.
Knihy
Uloženo v:
LEADER 00640nam a22002052a 4500
001 001444268
003 CZ BrMZK
005 20150713153644.0
007 ta
008 141215s1964 gw er|||||||||||ger d
040 |a BOA001  |b cze 
100 1 |a Joos, Georg,  |d 1894-1959  |7 xx0091533  |4 aut 
245 1 0 |a Lehrbuch der theoretischen Physik /  |c Georg Joos 
250 |a 11. Aufl., unverändert. Nachdr. der 10. Aufl. 
260 |a Leipzig :  |b Geest & Portig,  |c 1964 
300 |a 842 s. 
910 |a BOA001  |b 2-0338.444-64 
990 |a BK 
991 |b 201412 
996 7 |b 2618988302  |c 2-0338.444-64  |l MZK  |r Sklad / do 24 hodin  |n 0  |w 001479078  |u 000010  |a 1  |e BOA001  |j MZK50  |s A